এঙ্গেলস-এর এ্যান্টি-ডুরিং / (Record no. 39092)
[ view plain ]
| 000 -LEADER | |
|---|---|
| fixed length control field | 00895nam a2200241 a 4500 |
| 001 - CONTROL NUMBER | |
| control field | 39092 |
| 003 - CONTROL NUMBER IDENTIFIER | |
| rucl marc code | BD-RjUL |
| 005 - DATE AND TIME OF LATEST TRANSACTION | |
| control field | 20211209052921.0 |
| 008 - FIXED-LENGTH DATA ELEMENTS--GENERAL INFORMATION | |
| fixed length control field | 160404r19971985bg ||||e |||| 00| 0 ben d |
| 020 ## - INTERNATIONAL STANDARD BOOK NUMBER | |
| International Standard Book Number | 9840736884 : |
| Terms of availability | TK 60.00 |
| 035 ## - SYSTEM CONTROL NUMBER | |
| System control number | 39204 |
| 040 ## - CATALOGING SOURCE | |
| Original cataloging agency | BD-RjUL |
| Language of cataloging | ben |
| Transcribing agency | BD-RjUL |
| 041 ## - LANGUAGE CODE | |
| Language code of text/sound track or separate title | ben |
| 082 ## - DEWEY DECIMAL CLASSIFICATION NUMBER | |
| Edition number | 23 |
| Classification number | 335 |
| Author mark and year | ENE 1997 |
| 100 ## - MAIN ENTRY--PERSONAL NAME | |
| Personal name | এঙ্গেল, ফ্রেডরিক |
| 9 (RLIN) | 120638 |
| 245 10 - TITLE STATEMENT | |
| Title | এঙ্গেলস-এর এ্যান্টি-ডুরিং / |
| Statement of responsibility, etc. | ফ্রেডরিক এঙ্গেল; সরদার ফজলুল করিম |
| 260 ## - PUBLICATION, DISTRIBUTION, ETC. (IMPRINT) | |
| Place of publication, distribution, etc. | ঢাকা : |
| Name of publisher, distributor, etc. | বাংলা একাডেমী, |
| Date of publication, distribution, etc. | ১৯৯৭ |
| 300 ## - PHYSICAL DESCRIPTION | |
| Pagination | [৮], ১৩৫ পৃ, |
| Size | ২১ সেমি. |
| 650 ## - SUBJECT ADDED ENTRY--TOPICAL TERM | |
| Topical term or geographic name as entry element | দর্শন |
| 9 (RLIN) | 120643 |
| Topical term or geographic name as entry element | philosophy |
| 9 (RLIN) | 120644 |
| 700 ## - ADDED ENTRY--PERSONAL NAME | |
| Personal name | করিম, সরদার ফজলুল |
| 942 ## - ADDED ENTRY ELEMENTS (KOHA) | |
| Source of classification or shelving scheme | Dewey Decimal Classification |
| Koha item type | Books |
| Lost status | Source of classification or shelving scheme | Damaged status | Not for loan | Collection code | Permanent Location | Current Location | Shelving location | Date acquired | Source of acquisition | Cost, normal purchase price | Total Checkouts | Full call number | Date last seen | Date checked out | Copy number | Koha item type |
|---|---|---|---|---|---|---|---|---|---|---|---|---|---|---|---|---|
| Dewey Decimal Classification | Non-fiction | Central Library, University of Rajshahi | Central Library, University of Rajshahi | Reading Room | 23/06/2013 | Dhaka, Bangla Academy | 60.00 | 2 | B 335 ENE 1997 | 15/09/2019 | 05/09/2019 | C-3 | Books | |||
| Dewey Decimal Classification | Not For Loan | Non-fiction | Central Library, University of Rajshahi | Central Library, University of Rajshahi | 23/06/2013 | Dhaka, Bangla Academy | 60.00 | B 335 ENE 1997 | 04/04/2016 | C-1 | Books | |||||
| Dewey Decimal Classification | Non-fiction | Central Library, University of Rajshahi | Central Library, University of Rajshahi | 23/06/2013 | Dhaka, Bangla Academy | 60.00 | 1 | B 335 ENE 1997 | 29/07/2019 | 14/07/2019 | C-2 | Books |